000 00555nam a2200169Ia 4500
008 210210b2000 xxu||||| |||| 00| 0 eng d
020 _a81 900828 7 6
082 _a621.38195 GAOM
100 _aGAONKAR (Ramesh S).
245 _aMicroprocessor architecture, programming and applications with the 8085. Ed 4.
250 _a
260 _aIndia.
_bPenram International Publishing (India) Pvt Ltd.,
_c2000
300 _ax,788
650 _aMicroprocessor, Architecture, Programming, Applications, 8085
690 _aComputer Science
906 _a056475
999 _c103852
_d103852